A three-dimensional model of drug delivery to brain tumors /
Saved in:
| Main Author: | |
|---|---|
| Format: | Thesis Book |
| Language: | English |
| Published: |
1998.
|
| Subjects: | |
| Tags: |
Add Tag
No Tags, Be the first to tag this record!
|
| LEADER | 00835cam a2200241 a 4500 | ||
|---|---|---|---|
| 001 | u433008 | ||
| 003 | SIRSI | ||
| 008 | 981209s1998 si v 0 eng | ||
| 035 | |a ACG-2955 | ||
| 040 | |a UMP | ||
| 096 | |a WL358 |b Li 1998 | ||
| 100 | 1 | 0 | |a Li, Jian. |
| 245 | 1 | 2 | |a A three-dimensional model of drug delivery to brain tumors / |c Li Jian. |
| 260 | 0 | |c 1998. | |
| 300 | |a xiii, 108 leaves : |b ill. ; |c 30 cm. + |e catridge. | ||
| 500 | 0 | 2 | |a A thesis submitted to fulfilment of the requirements for the Degree of Master of Engineering. |
| 502 | 0 | 0 | |a Thesis (M.Eng.)--National University of Singapore., 1998. |
| 504 | |a Bibliography: p. 97-104 | ||
| 650 | 0 | 2 | |a Brain Neoplasms. |
| 650 | 0 | 2 | |a Drug Delivery Systems |
| 948 | |a 18/12/1998 |b 15/07/1999 | ||
| 596 | |a 2 | ||
| 999 | |a WL358 LI 1998 |w LC |c 1 |i A502760267 |l STACKS |m P02MEDKL |r Y |s Y |t TESIS |u 16/7/1999 | ||
